<?xml version="1.0" encoding="UTF-8"?>
<record
    xmlns:xsi="http://www.w3.org/2001/XMLSchema-instance"
    xsi:schemaLocation="http://www.loc.gov/MARC21/slim http://www.loc.gov/standards/marcxml/schema/MARC21slim.xsd"
    xmlns="http://www.loc.gov/MARC21/slim">

  <leader>04223cam a22003017i 4500</leader>
  <controlfield tag="001">114383</controlfield>
  <controlfield tag="003">DR-UNIBE</controlfield>
  <controlfield tag="005">20260212151235.0</controlfield>
  <controlfield tag="008">150417t2013    xxua     b    100 0 eng d</controlfield>
  <datafield tag="020" ind1=" " ind2=" ">
    <subfield code="a">9781780334912</subfield>
  </datafield>
  <datafield tag="040" ind1=" " ind2=" ">
    <subfield code="a">YDXCP</subfield>
    <subfield code="b">eng</subfield>
    <subfield code="c">YDXCP</subfield>
    <subfield code="e">rda</subfield>
    <subfield code="d">NRZ</subfield>
    <subfield code="d">OCLCO</subfield>
    <subfield code="d">IXA</subfield>
    <subfield code="d">KSU</subfield>
    <subfield code="d">OCLCQ</subfield>
    <subfield code="d">EDK</subfield>
    <subfield code="d">DLC</subfield>
    <subfield code="d">BIBLIOTECA UNIBE</subfield>
  </datafield>
  <datafield tag="041" ind1=" " ind2=" ">
    <subfield code="a">eng</subfield>
  </datafield>
  <datafield tag="082" ind1="0" ind2="4">
    <subfield code="a">304.62 D711p</subfield>
  </datafield>
  <datafield tag="100" ind1="1" ind2=" ">
    <subfield code="a">Dorling, Danny</subfield>
    <subfield code="e">autor</subfield>
    <subfield code="9">202352</subfield>
  </datafield>
  <datafield tag="245" ind1="1" ind2="0">
    <subfield code="a">Population 10 billion /</subfield>
    <subfield code="c">Danny Dorling</subfield>
  </datafield>
  <datafield tag="260" ind1=" " ind2=" ">
    <subfield code="a">London :</subfield>
    <subfield code="b">Constable &amp; Robinson,</subfield>
    <subfield code="c">2013</subfield>
  </datafield>
  <datafield tag="300" ind1=" " ind2=" ">
    <subfield code="a">438  p&#xE1;ginas :</subfield>
    <subfield code="b">ilustraciones en color</subfield>
  </datafield>
  <datafield tag="504" ind1=" " ind2=" ">
    <subfield code="a">Incluye referencias bibliogr&#xE1;ficas (p&#xE1;ginas 73-75).</subfield>
  </datafield>
  <datafield tag="505" ind1="0" ind2=" ">
    <subfield code="a">Introduction | 
 Recurring themes | 
 Demographic variable that influence sustainability | 
 Economic and policy variables that influence sustainability | 
 Suitable metrics | 
 Carrying capacity | 
 Integrating social and natural sciences | 
 Structuring a research agenda | 
 Human-Earth System: | 
 Understanding population in human-environment relationships:  science shaped by world views or evidence? | 
 Earth as a system | 
 Challenges To The Earth System:  Character And Magnitude Of The Challenges In 2050: | 
 Demographic trends and their consequences | 
 Demographic and economic drivers of consumption and environmental change | 
 Urbanization in the 21st century:  challenges and opportunities for environmental sustainability | 
 Challenges To The Earth System:  Consequences For The Earth System: | 
 Biodiversity and ecosystem services in a world of 10 Billion | 
 Future demand and supply pressures on water:  implications for agriculture and other sectors | 
 Energy, land, and water on a 10-billion-person planet:  an integrated perspective | 
  Special Presentation:  Extreme Events: | 
 X-events and human progress (or, why the trend is not your friend) | 
 Resource Distribution And Global Inequality: | 
 Global income inequality:  historical trends and policy implications for the future | 
 Population-inequality-sustainability:  beyond IPAT | 
 Intergenerational trade-offs, demographic metabolism and the long-term benefits of equitable empowerment in the near term | 
 Interaction Between Earth And Societal Systems: | 
 Distribution of population health and consumption risk in low-, middle, and high-income countries:  the rose paradigm revisited | 
 Demography and climate change:  current understanding, future directions | 
</subfield>
  </datafield>
  <datafield tag="520" ind1=" " ind2=" ">
    <subfield code="a">"The Earth's population, currently 7.2 billion, is expected to rise at a rapid rate over the next 40 years. Current projections state that the Earth will need to support 9.6 billion people by the year 2050, a figure that climbs to nearly 11 billion by the year 2100. At the same time, most people envision a future Earth with a greater average standard of living than we currently have - and, as a result, greater consumption of our planetary resources. How do we prepare our planet for a future population of 10 billion? How can this population growth be achieved in a manner that is sustainable from an economic, social, and environmental perspective? Can Earth's and Society's Systems Meet the Needs of 10 Billion People? is the summary of a multi-disciplinary workshop convened by the National Academies in October 2013 to explore how to increase the world's population to 10 billion in a sustainable way while simultaneously increasing the well-being and standard of living for that population. This report examines key issues in the science of sustainability that are related to overall human population size, population growth, aging populations, migration toward cities, differential consumption, and land use change, by different subpopulations, as viewed through the lenses of both social and natural science."--Publisher's description.</subfield>
  </datafield>
  <datafield tag="530" ind1=" " ind2=" ">
    <subfield code="a">Also available online.</subfield>
  </datafield>
  <datafield tag="650" ind1=" " ind2="7">
    <subfield code="a">Poblaci&#xF3;n</subfield>
    <subfield code="x">Aspectos ambientales</subfield>
    <subfield code="v">Congresos</subfield>
    <subfield code="2">lemb</subfield>
    <subfield code="9">202357</subfield>
  </datafield>
  <datafield tag="650" ind1=" " ind2="7">
    <subfield code="a">Poblaci&#xF3;n</subfield>
    <subfield code="x"> Aspectos de salud</subfield>
    <subfield code="v">Congresos</subfield>
    <subfield code="2">lemb</subfield>
    <subfield code="9">202358</subfield>
  </datafield>
  <datafield tag="650" ind1=" " ind2="7">
    <subfield code="a">Desarrollo sostenible</subfield>
    <subfield code="v">Congresos</subfield>
    <subfield code="2">lemb</subfield>
    <subfield code="9">202359</subfield>
  </datafield>
  <datafield tag="650" ind1=" " ind2="0">
    <subfield code="a">DNA</subfield>
    <subfield code="9">202360</subfield>
  </datafield>
  <datafield tag="655" ind1=" " ind2="7">
    <subfield code="a">Conference papers and proceedings.</subfield>
    <subfield code="2">lcgft</subfield>
    <subfield code="0">https://id.loc.gov/authorities/genreForms/gf2014026068</subfield>
    <subfield code="9">202187</subfield>
  </datafield>
  <datafield tag="942" ind1=" " ind2=" ">
    <subfield code="2">ddc</subfield>
    <subfield code="c">BK</subfield>
  </datafield>
  <datafield tag="999" ind1=" " ind2=" ">
    <subfield code="c">114383</subfield>
    <subfield code="d">114383</subfield>
  </datafield>
  <datafield tag="952" ind1=" " ind2=" ">
    <subfield code="0">0</subfield>
    <subfield code="1">0</subfield>
    <subfield code="2">ddc</subfield>
    <subfield code="7">0</subfield>
    <subfield code="8">GEN</subfield>
    <subfield code="a">Principal</subfield>
    <subfield code="b">Principal</subfield>
    <subfield code="d">2026-02-12</subfield>
    <subfield code="l">0</subfield>
    <subfield code="o">304.62 D711p</subfield>
    <subfield code="p">260085</subfield>
    <subfield code="r">2026-02-12 15:13:29</subfield>
    <subfield code="t">Ej. 1</subfield>
    <subfield code="w">2026-02-12</subfield>
    <subfield code="y">BK</subfield>
  </datafield>
</record>
